000 00578nam a22002057a 4500
999 _c8441
_d8441
001 22112
003 BD-DhUAP
005 20240401122826.0
008 240318b2009 th |||| |||| 000 0 eng d
020 _a9780230716896
040 _aBD-DhDIU
_beng
_cBD-DhDIU
_dBD-DhUAP
082 _222
_a808.83872 AME
245 _aAmerican stories
_cedited by Thompson , Lesly
260 _aThailand :
_bMacmillan Publishers Limited;
_c2009.
300 _a198 p. :
440 _aMacmillan Litrature Collection
650 _aStories - American
700 _aJones,Ceri,
_eed.
942 _2ddc
_cBK